Safety at Work / (Record no. 593719)

000 -LEADER
fixed length control field 00398nam a22001577a 4500
003 - CONTROL NUMBER IDENTIFIER
control field NUST
005 - DATE AND TIME OF LATEST TRANSACTION
control field 20230314145937.0
020 ## - INTERNATIONAL STANDARD BOOK NUMBER
International Standard Book Number 9780750680356
082 ## - DEWEY DECIMAL CLASSIFICATION NUMBER
Classification number 363.1
Author Mark RID
100 ## - MAIN ENTRY--PERSONAL NAME
Personal name Ridley, John
9 (RLIN) 110282
245 ## - TITLE STATEMENT
Title Safety at Work /
Statement of responsibility, etc. John Riley & John Channing
250 ## - EDITION STATEMENT
Edition statement 7th Ed.
260 ## - PUBLICATION, DISTRIBUTION, ETC.
Place of publication, distribution, etc. USA :
Name of publisher, distributor, etc. Elsevier,
Date of publication, distribution, etc. 2008.
300 ## - PHYSICAL DESCRIPTION
Extent xxiv, 1030p. ;
Other physical details Hardbinding
Dimensions 25cm.
942 ## - ADDED ENTRY ELEMENTS (KOHA)
Source of classification or shelving scheme
Koha item type Book
Holdings
Withdrawn status Lost status Source of classification or shelving scheme Damaged status Not for loan Permanent Location Current Location Shelving location Date acquired Full call number Barcode Date last seen Price effective from Koha item type Total Checkouts Checked out Date last checked out
          School of Mechanical & Manufacturing Engineering (SMME) School of Mechanical & Manufacturing Engineering (SMME) Aerospace Engineering 03/14/2023 363.1 RID SMME-4220 03/14/2023 03/14/2023 Book      
          School of Mechanical & Manufacturing Engineering (SMME) School of Mechanical & Manufacturing Engineering (SMME)   03/14/2023 363.1 RID SMME-4219 03/14/2023 03/14/2023 Book      
          School of Mechanical & Manufacturing Engineering (SMME) School of Mechanical & Manufacturing Engineering (SMME) General Stacks 03/14/2023 363.1 RID SMME-4218 03/06/2025 03/14/2023 Book 2 07/04/2025 03/06/2025
© 2023 Central Library, National University of Sciences and Technology. All Rights Reserved.